Statystyki dla JAK INACZEJ MOŻEMY NAZWAĆ MĘŻCZYZNĘ?

Kliknij tutaj aby rozwiązać quiz!

Ogólne statystyki

  • Ten quiz został rozwiązany 155 razy
  • Średni wynik to 3 z 6

Statystyki odpowiedzi

Odpowiedź% Poprawnych
CHŁOP
96%
FACET
79%
GOŚĆ
41%
PAN
36%
KOLEŚ
25%
ZIOMEK
19%

Rozkład punktacji

Percentyl według liczby udzielonych odpowiedzi

Procent ludzi z każdym wynikiem

Twoja historia wyników

Nie rozwiązałeś tego quizu